Declaración de Río y principios relativos a los bosques (Registro nro. 9113)

Detalles MARC
000 -CABECERA
Campo de control 005250000a22001690004500
090 ## - CLASIFICACIÓN LOCAL
Colección AR
Consecutivo 00010
041 0# - IDIOMA
Código de idioma para texto/pista de sonido o título separado
110 1# - ASIENTO PRINCIPAL--NOMBRE CORPORATIVO
Nombre corporativo o de jurisdicción como elemento de entrada Naciones Unidas sobre el Medio Ambiente y el Desarrollo
245 10 - MENCION DE TITULO
Título Declaración de Río y principios relativos a los bosques
650 14 - ASIENTO SECUNDARIO DE MATERIA - TERMINO TEMATICO
Término temático o nombre geográfico como elemento de entrada Cumbres ambientales
650 14 - ASIENTO SECUNDARIO DE MATERIA - TERMINO TEMATICO
Término temático o nombre geográfico como elemento de entrada Políticas ambientales
650 14 - ASIENTO SECUNDARIO DE MATERIA - TERMINO TEMATICO
Término temático o nombre geográfico como elemento de entrada Convenios
650 14 - ASIENTO SECUNDARIO DE MATERIA - TERMINO TEMATICO
Término temático o nombre geográfico como elemento de entrada Bosques
650 14 - ASIENTO SECUNDARIO DE MATERIA - TERMINO TEMATICO
Término temático o nombre geográfico como elemento de entrada Cumbre de Río
773 1# - Item fuente:
Título Cumbre para la Tierra
Especificación de materiales 6
Paginas del Articulo 1-10
Lugar, editorial y fecha de publicación 1992
942 ## - ELEMENTOS ADICIONALES (KOHA)
Tipo de ítem Artículo
Existencias
Withdrawn status Lost status Damaged status No para préstamo Colección Ubicación Permanente Ubicación actual Fecha de adquisición Total Checkouts Número topográfico Inventario / Código de Barras Date last seen Ejemplar Price effective from Forma de adquisición Tipo de material
        Hemeroteca Villa de Leyva Villa de Leyva 27/02/2015   AR 00010 010228 25/03/2015 1 25/03/2015   Artículo